000 00199 a2200097 4500
001 3857
100 _aSingh, J
245 _aText book modern organic
260 _a
_bAtmaram
_c
090 _c3088
_d3088
942 _aNUST-CAE
_cM
_c23202
999 _c238930
_d238930